Normal view
MARC view
- اسبانيا- بلدان البحر المتوسط- فتح الاندلس-تاريخ الاندلس
Entry Topical Term
001 - CONTROL NUMBER
- control field: 60223
003 - CONTROL NUMBER IDENTIFIER
- control field: JO-AjAnu
005 - DATE AND TIME OF LATEST TRANSACTION
- control field: 20230606083838.0
008 - FIXED-LENGTH DATA ELEMENTS
- fixed length control field: 230606|| aca||aabn | a|a d
040 ## - CATALOGING SOURCE
- Original cataloging agency: JO-AjAnu
- Transcribing agency: JO-AjAnu
150 ## - HEADING--TOPICAL TERM
- Topical term or geographic name entry element: اسبانيا- بلدان البحر المتوسط- فتح الاندلس-تاريخ الاندلس
670 ## - SOURCE DATA FOUND
- Source citation: Work cat.: (JO-AjAnu)30712: حامد، برزان ميسر, author 60222, الموريسكيون